00241nam a2200085Ia 450000100070000000500170000700800410002424500700006526000200013571420020250826162900.0250824s9999 xx 000 0 und d 0aYİĞİTLERİN ŞAHI ALLAHIN ASLANI-HZ. ALİcMİTHAT BALA bHAYAT YAYINLARI